Integración económica e ideologías sobre el desarrollo /
Salvato in:
| Autore principale: | |
|---|---|
| Natura: | testo |
| Lingua: | Spanish |
| Soggetti: | |
| Tags: |
Aggiungi Tag
Nessun Tag, puoi essere il primo ad aggiungerne!!
|
MARC
| LEADER | 00000 a a2200000 04500 | ||
|---|---|---|---|
| 003 | cru CRAI/IIS | ||
| 005 | 20210511103312.0 | ||
| 008 | 210511b |||||||| |||| 00| 0 spa d | ||
| 040 | |c cru CRAI/IIS | ||
| 100 | 1 | |a Lizano Fait, Eduardo |9 201 |d 1934- | |
| 245 | 1 | |a Integración económica e ideologías sobre el desarrollo / |c Eduardo Lizano | |
| 300 | |a páginas 9-36 | ||
| 500 | |a Colección Centroamérica | ||
| 650 | |a INTEGRACION ECONOMICA | ||
| 650 | |a DESARROLLO ECONOMICO | ||
| 651 | 0 | |9 128 |a AMERICA CENTRAL | |
| 942 | |2 ddc |c PP | ||
| 999 | |c 43665 |d 43665 | ||
| 773 | 0 | |0 18875 |9 5357 |a Universidad de Costa Rica. |d San José, Costa Rica: Universidad de Costa Rica. Consejo Superior Universitario Centroamericano, 1972- |o 14354 |t Estudios Sociales Centroamericanos / |x 03039676 | |
